UBT Library

Pain, anxiety, and grief : (Record no. 42130)

000 -LEADER
fixed length control field 00759cam a2200229 a 4500
001 - CONTROL NUMBER
control field 969539
005 - DATE AND TIME OF LATEST TRANSACTION
control field 20180208053515.0
008 - FIXED-LENGTH DATA ELEMENTS--GENERAL INFORMATION
fixed length control field 850412s1986 nyua b 001 0 eng c
010 ## - LIBRARY OF CONGRESS CONTROL NUMBER
LC control number 85009685
020 ## - INTERNATIONAL STANDARD BOOK NUMBER
International Standard Book Number 0231047428 (alk. paper)
040 ## - CATALOGING SOURCE
Original cataloging agency DNLM/DLC
Transcribing agency DLC
Modifying agency DLC
041 ## - LANGUAGE CODE
Language code of text/sound track or separate title eng
060 ## - NATIONAL LIBRARY OF MEDICINE CALL NUMBER
Classification number WB 310 P144
080 ## - UNIVERSAL DECIMAL CLASSIFICATION NUMBER
Universal Decimal Classification number 616.029 GOL
082 00 - DEWEY DECIMAL CLASSIFICATION NUMBER
Classification number 616.029 GOL
Edition number 19
100 ## - Rafti
Rafti 5
101 ## - Shkurtesa
Shkurtesa FAR
245 00 - TITLE STATEMENT
Title Pain, anxiety, and grief :
Statement of responsibility, etc Ivan K. Goldberg, Austin H. Kutscher, and Sidney Malitz, editors ; with the assistance of Lilliam G. Kutscher.
504 ## - BIBLIOGRAPHY, ETC. NOTE
Bibliography, etc Includes bibliographies and index.
906 ## - LOCAL DATA ELEMENT F, LDF (RLIN)
a 7
b cbc
c orignew
d 1
e ocip
f 19
g y-gencatlg
942 ## - ADDED ENTRY ELEMENTS (KOHA)
Source of classification or shelving scheme
Item type Books
Holdings
Withdrawn status Lost status Source of classification or shelving scheme Damaged status Not for loan Collection code Permanent location Current location Shelving location Date acquired Total Checkouts Full call number Barcode Date last seen Price effective from Koha item type
          Koleksioni i përgjithshem UBT - Lipjan UBT - Lipjan Koleksioni i përgjithshem 02/08/2018   616.029 GOL 002-2998883 02/08/2018 02/08/2018 Books
UBT Library © 2015-2024. All rights reserved University Education for Business and Technology